Handbook of multicultural perspectives on stress and coping (Record no. 5239)

MARC details
000 -LEADER
fixed length control field 00666nam a2200229Ia 4500
020 ## - INTERNATIONAL STANDARD BOOK NUMBER
ISBN 0-387-26236-9
082 ## - DEWEY DECIMAL CLASSIFICATION NUMBER
Classification number 155.9042 HAN-
245 #0 - TITLE STATEMENT
Title Handbook of multicultural perspectives on stress and coping
260 ## - PUBLICATION, DISTRIBUTION, ETC. (IMPRINT)
Place of publication New York
Name of publisher Springer
Year of publication 2006
300 ## - PHYSICAL DESCRIPTION
Number of Pages xxv, 636
440 ## - SERIES STATEMENT/ADDED ENTRY--TITLE
Title International and cultural psychology series
504 ## - BIBLIOGRAPHY, ETC. NOTE
Bibliography, etc includes index
650 ## - SUBJECT ADDED ENTRY--TOPICAL TERM
Topical Term Stress (Phychology)
Form subdivision Religious aspects
650 ## - SUBJECT ADDED ENTRY--TOPICAL TERM
Topical Term Stress management
650 ## - SUBJECT ADDED ENTRY--TOPICAL TERM
Topical Term Psychology
Form subdivision Methodology
650 ## - SUBJECT ADDED ENTRY--TOPICAL TERM
Topical Term Adjustment (Phychology)
650 ## - SUBJECT ADDED ENTRY--TOPICAL TERM
Topical Term Ethnopsychology
700 ## - ADDED ENTRY--PERSONAL NAME
Personal name Marsel, Anthony
700 ## - ADDED ENTRY--PERSONAL NAME
Personal name Wong, Paul T. P.
700 ## - ADDED ENTRY--PERSONAL NAME
Personal name Wong, Lilian C.J
942 ## - ADDED ENTRY ELEMENTS (KOHA)
Koha item type Books
Holdings
Withdrawn status Lost status Damaged status Not for loan Home library Current library Date acquired Source of acquisition Bill Date Full call number Accession Number Price effective from Koha item type
        NASSDOC Library NASSDOC Library 18/10/2006 VIBHA 2006-08-10 155.9042 HAN- 42039 18/04/2019 Books